Теория и практика профилактики деструктивных идеологий в молодежной среде: методическое пособие для сопровождения программ повышения квалификации

Bibliografiske detaljer
Hovedforfatter: Карпова А. Ю. Анна Юрьевна
Institution som forfatter: Национальный исследовательский Томский политехнический университет (570)
Andre forfattere: Савельев А. О. Алексей Олегович
Summary:Заглавие с титульного экрана
В пособии представлен обзор лучших отечественных и зарубежных практик профилактики молодёжной деструкции, формирования антитеррористического сознания, противодействия деструктивному информационно-психологическому воздействию на молодёжь в сети Интернет. Материалы пособия направлены на освоение теоретических основ профилактики деструктивных идеологий в молодёжной среде и рассмотрение практико-ориентированных подходов, методов, способов профилактической работы. Пособие предназначено для сотрудников Координационных центров, ученых и практиков, специалистов по социально-воспитательной работе образовательных учреждений для организации профилактической работы по противодействию распространению деструктивных идеологий в молодежной среде
AM_TPU_network
Sprog:russisk
Udgivet: Томск, Изд-во ТПУ, 2024
Fag:
Online adgang:https://www.lib.tpu.ru/fulltext2/m/2024/m36.pdf
Format: Electronisk Bog
KOHA link:https://koha.lib.tpu.ru/cgi-bin/koha/opac-detail.pl?biblionumber=677575

MARC

LEADER 00000nam0a2200000 4500
001 677575
005 20250221104731.0
090 |a 677575 
100 |a 20241218d2024 m||y0rusy50 ca 
101 0 |a rus 
102 |a RU 
105 |a a j 001yy 
135 |a drcn ---uucaa 
181 0 |a i   |b  e  
182 0 |a b 
183 0 |a cr  |2 RDAcarrier 
200 1 |a Теория и практика профилактики деструктивных идеологий в молодежной среде  |e методическое пособие для сопровождения программ повышения квалификации  |f А. Ю. Карпова, А. О. Савельев  |g Национальный исследовательский Томский политехнический университет 
203 |a Текст  |c электронный  |b визуальный 
210 |a Томск  |d 2024  |c Изд-во ТПУ 
215 |a 1 файл (1,3 MB, 82 с.) 
283 |a online_resource  |2 RDAcarrier 
300 |a Заглавие с титульного экрана 
320 |a Библиографический список: 93 назв. 
330 |a В пособии представлен обзор лучших отечественных и зарубежных практик профилактики молодёжной деструкции, формирования антитеррористического сознания, противодействия деструктивному информационно-психологическому воздействию на молодёжь в сети Интернет. Материалы пособия направлены на освоение теоретических основ профилактики деструктивных идеологий в молодёжной среде и рассмотрение практико-ориентированных подходов, методов, способов профилактической работы. Пособие предназначено для сотрудников Координационных центров, ученых и практиков, специалистов по социально-воспитательной работе образовательных учреждений для организации профилактической работы по противодействию распространению деструктивных идеологий в молодежной среде 
371 0 |a AM_TPU_network 
606 1 |a Молодежь  |x Социальные проблемы  |x Социология  |9 58526 
610 1 |a радикализация 
610 1 |a насильственный экстремизм 
610 1 |a терроризм 
610 1 |a деструктивное воздействие 
610 1 |a информационно-психологическое воздействие 
610 1 |a деструктивные идеологии 
610 1 |a профилактика 
610 1 |a электронный ресурс 
610 1 |a методические пособия 
610 1 |a труды учёных ТПУ 
686 |2 rubbk  |a С55.325.1 
700 1 |a Карпова  |b А. Ю.  |c философ  |c профессор Томского политехнического университета, доктор социологических наук  |f 1968-  |g Анна Юрьевна  |9 14626 
701 1 |a Савельев  |b А. О.  |c специалист в области информатики и вычислительной техники  |c доцент Томского политехнического университета, кандидат технических наук  |f 1987-  |g Алексей Олегович  |9 14842 
712 0 2 |a Национальный исследовательский Томский политехнический университет  |c (2009- )  |9 26305  |4 570 
801 0 |a RU  |b 63413507  |c 20241218  |g RCR 
856 4 0 |u https://www.lib.tpu.ru/fulltext2/m/2024/m36.pdf  |z https://www.lib.tpu.ru/fulltext2/m/2024/m36.pdf 
942 |c CF